000 00966cam a22003017a 4500
003 CHAP
005 20220329135640.0
008 971013s1965 r 00010 d
010 _a39891
011 _a40863
035 _a44989
040 _cCHAP
082 _a371.42
_bE8
110 _aE.U.A. Department of Health, Education and Welfare
_934907
245 1 4 _aThe preparation of occupational instructors ; a suggested course guide
260 _aWashington :
_bDepartment of Health, Education and Welfare,
_c1965
300 _a176 p.
490 0 _aOE-80042
590 _aBATCH-UPD
_b10
_c20130110
_lUCH01
_h1000
590 _aBATCH-UPD
_b10
_c20130410
_lUCH01
_h0612
590 _aBATCH-UPD
_b10
_c20130914
_lUCH01
_h1247
590 _aCONVERSION
_b10
_c20130109
_lUCH01
_h1322
650 1 4 _aEducación vocacional.
_935686
830 0 _aOE-80042
_982742
901 _aBK
942 _cLIBRO
949 _a371.42 E8
_bBC
_cLIBRO
_d33724000152377
_eLIBRO
_h7031
_i44989
_si
999 _c39891
_d39891